000 00554nam a22001937a 4500
003 OSt
005 20140310182955.0
008 130207t xxu||||| |||| 00| 0 eng d
020 _a9710898025
050 _aHG 187.P6
_b.F178 1994
100 _aFajardo, Feliciano
245 _aFinancial institution /
_cFeliciano Fajardo, Manuel M. Manansala and Emilio C. Altarez
260 _aManila :
_bNational Book Store,
_c1994.
300 _a346 p. :
_c22 cm.
521 _aBSBA
650 _aFinancial institutions.
942 _2lcc
_cBK
_kLOC
999 _c17982
_d17982